[Event "Titled Tuesday intern op 11th Oct Late"]
[Site "Chess.com INT"]
[Date "2022.10.11"]
[Round "10"]
[White "Osmonbekov, Talaibek D"]
[Black "Potula, Kapish"]
[Result "1-0"]
[WhiteElo "2137"]
[BlackElo "1993"]
[PlyCount "77"]
[EventDate "2022.10.11"]
[EventType "swiss (blitz)"]
[EventRounds "11"]
[EventCountry "USA"]
[SourceTitle "EXT 2024"]
[Source "ChessBase"]
[SourceDate "2023.10.10"]
[SourceVersion "1"]
[SourceVersionDate "2023.10.10"]
[SourceQuality "1"]

1. d4 Nf6 2. Bf4 e6 3. Nc3 b6 4. e3 Bb7 5. Nf3 Be7 6. a4 0-0 7. a5 d6 8. Be2 a6 9. axb6 cxb6 10. 0-0 Nbd7 11. Re1 Qc7 12. h3 Rfd8 13. Qb1 b5 14. Nd2 Nb6 15. Bd3 Nfd5 16. Nxd5 Nxd5 17. c3 Nxf4 18. Bxh7+ Kh8 19. exf4 g6 20. Bxg6 fxg6 21. Rxe6 Rg8 22. Qe1 Rae8 23. Qe3 Bd5 24. f5 g5 25. Rh6+ Kg7 26. Rg6+ Kh7 27. Rxg8 Rxg8 28. Rxa6 Qb7 29. Ra1 Bxg2 30. d5 Bxd5 31. Ra7 Ra8 32. Rxb7 Ra1+ 33. Kh2 Rh1+ 34. Kg3 Bxb7 35. Qxe7+ Kh6 36. Qxb7 Rd1 37. Nf3 Rd3 38. Qf7 g4 39. Qg6# 1-0

[Event "Titled Tuesday intern op 11th Oct Late"]
[Site "Chess.com INT"]
[Date "2022.10.11"]
[Round "9"]
[White "Potula, Kapish"]
[Black "Kostiukov, Alexandr"]
[Result "0-1"]
[WhiteElo "1993"]
[BlackElo "2271"]
[PlyCount "60"]
[EventDate "2022.10.11"]
[EventType "swiss (blitz)"]
[EventRounds "11"]
[EventCountry "USA"]
[SourceTitle "EXT 2024"]
[Source "ChessBase"]
[SourceDate "2023.10.10"]
[SourceVersion "1"]
[SourceVersionDate "2023.10.10"]
[SourceQuality "1"]

1. d4 g6 2. e4 Bg7 3. Nc3 c5 4. Nf3 cxd4 5. Nxd4 Nc6 6. Nxc6 bxc6 7. Be3 Nf6 8. Bc4 0-0 9. 0-0 Nxe4 10. Nxe4 d5 11. Bc5 dxe4 12. c3 Qc7 13. Qe2 Bf5 14. g4 Bc8 15. Qxe4 Re8 16. Rad1 e5 17. Rfe1 Kh8 18. Bd6 Qd7 19. Bxe5 Qxg4+ 20. Qxg4 Bxg4 21. Bxg7+ Kxg7 22. Rxe8 Rxe8 23. Rd6 Bf3 24. h3 h5 25. Rd7 Re1+ 26. Kh2 Be4 27. Rxf7+ Kh6 28. Rxa7 h4 29. f3 Bxf3 30. Bf1 Rxf1 0-1

[Event "Titled Tuesday intern op 11th Oct Late"]
[Site "Chess.com INT"]
[Date "2022.10.11"]
[Round "7"]
[White "Potula, Kapish"]
[Black "Roberson, Peter T"]
[Result "0-1"]
[WhiteElo "1993"]
[BlackElo "2421"]
[PlyCount "42"]
[EventDate "2022.10.11"]
[EventType "swiss (blitz)"]
[EventRounds "11"]
[EventCountry "USA"]
[SourceTitle "EXT 2024"]
[Source "ChessBase"]
[SourceDate "2023.10.10"]
[SourceVersion "1"]
[SourceVersionDate "2023.10.10"]
[SourceQuality "1"]

1. d4 d6 2. e4 Nf6 3. Nc3 c6 4. Bc4 d5 5. exd5 cxd5 6. Bd3 Nc6 7. Nge2 Bg4 8. h3 Bh5 9. g4 Bg6 10. Bf4 e6 11. a3 Bd6 12. Qd2 a6 13. 0-0-0 b5 14. Bg3 b4 15. axb4 Bxb4 16. f4 Qa5 17. f5 Qa1+ 18. Nb1 Bxd2+ 19. Kxd2 exf5 20. gxf5 Bh5 21. Nf4 Bxd1 0-1

[Event "Titled Tuesday intern op 11th Oct Late"]
[Site "Chess.com INT"]
[Date "2022.10.11"]
[Round "2"]
[White "Sanchez, Roberto Daniel"]
[Black "Potula, Kapish"]
[Result "1-0"]
[WhiteElo "1971"]
[BlackElo "1993"]
[PlyCount "83"]
[EventDate "2022.10.11"]
[EventType "swiss (blitz)"]
[EventRounds "11"]
[EventCountry "USA"]
[SourceTitle "EXT 2024"]
[Source "ChessBase"]
[SourceDate "2023.10.10"]
[SourceVersion "1"]
[SourceVersionDate "2023.10.10"]
[SourceQuality "1"]

1. e4 e6 2. d4 d5 3. Nd2 Nf6 4. e5 Nfd7 5. Bd3 c5 6. c3 Nc6 7. Ne2 cxd4 8. cxd4 f6 9. exf6 Qxf6 10. Nf3 h6 11. 0-0 Bd6 12. Ng3 0-0 13. Be3 Rd8 14. a3 Nf8 15. Re1 Bd7 16. b4 a6 17. Rc1 Rac8 18. Qe2 Be8 19. Bb1 Bg6 20. Ne5 Nxe5 21. dxe5 Qxe5 22. Rcd1 Bxb1 23. Rxb1 d4 24. Bd2 Qxe2 25. Nxe2 e5 26. Ng3 Rc2 27. Ne4 Be7 28. Red1 Nd7 29. a4 Rdc8 30. b5 Nf6 31. f3 Nxe4 32. fxe4 axb5 33. Rxb5 Ra2 34. Rxb7 Bf6 35. Kf1 Rcc2 36. Ke1 Rcb2 37. Rxb2 Rxb2 38. a5 Ra2 39. g3 Bg5 40. Bb4 Kf7 41. h4 Be3 42. Rd3 1-0

[Event "Pan American Intercollegiate-chT"]
[Site "Chess.com INT"]
[Date "2021.01.04"]
[Round "2"]
[White "Belous, Vladimir"]
[Black "Potula, Kapish"]
[Result "1/2-1/2"]
[WhiteElo "2524"]
[BlackElo "1993"]
[PlyCount "74"]
[EventDate "2021.01.04"]
[EventType "team-swiss (rapid)"]
[EventRounds "9"]
[EventCountry "USA"]
[SourceTitle "CBM 200 Extra"]
[Source "ChessBase"]
[SourceDate "2021.03.31"]
[SourceVersion "1"]
[SourceVersionDate "2021.03.31"]
[SourceQuality "1"]
[WhiteTeam "Texas Rio Grande Valley Univ"]
[BlackTeam "Georgia Inst of Technology"]
[WhiteTeamCountry "USA"]
[BlackTeamCountry "USA"]

1. c4 e5 2. g3 Nf6 3. Bg2 Nc6 4. Nf3 Bc5 5. 0-0 0-0 6. Nxe5 Nxe5 7. d4 Bxd4 8. Qxd4 Nc6 9. Qh4 h6 10. Nc3 d6 11. Nd5 Nxd5 12. Qxd8 Rxd8 13. cxd5 Ne7 14. Bd2 c6 15. dxc6 Nxc6 16. Rac1 d5 17. Rfd1 Be6 18. f4 Rac8 19. Kf2 d4 20. b3 d3 21. e3 Bg4 22. Bf3 Bxf3 23. Kxf3 f5 24. Rc5 Ne7 25. Rdc1 Rc6 26. Rxc6 Nxc6 27. Rc5 g6 28. h3 Kf7 29. g4 Ke6 30. b4 Rd5 31. gxf5+ gxf5 32. e4 fxe4+ 33. Kxe4 Nxb4 34. Rc7 Na6 35. Rh7 Nc5+ 36. Ke3 Rh5 37. Kd4 b6 1/2-1/2

[Event "Charlotte CCCSA IM-B"]
[Site "Charlotte"]
[Date "2017.03.30"]
[Round "2"]
[White "Potula, Kapish"]
[Black "Ludwig, John Gabriel"]
[Result "0-1"]
[WhiteElo "2075"]
[BlackElo "2397"]
[PlyCount "98"]
[EventDate "2017.03.29"]
[EventType "tourn"]
[EventRounds "9"]
[EventCountry "USA"]
[EventCategory "3"]
[SourceTitle "CBM 177 Extra"]
[Source "ChessBase"]
[SourceDate "2017.04.27"]
[SourceVersion "1"]
[SourceVersionDate "2017.04.27"]
[SourceQuality "1"]

1. d4 Nf6 2. c4 c5 3. d5 e6 4. Nc3 exd5 5. cxd5 d6 6. Nf3 g6 7. Bg5 Bg7 8. e3 0-0 9. Nd2 a6 10. a4 Nbd7 11. Be2 Qe7 12. 0-0 Rb8 13. Qc2 h6 14. Bh4 g5 15. Bg3 Ne8 16. Bd3 Ne5 17. Bh7+ Kh8 18. Bf5 Bxf5 19. Qxf5 b5 20. axb5 axb5 21. f4 Nc4 22. Nxc4 bxc4 23. Nd1 Kg8 24. Rc1 Bxb2 25. Rxc4 Bg7 26. fxg5 Qxg5 27. Qxg5 hxg5 28. Rxc5 dxc5 29. Bxb8 Nf6 30. Be5 Nxd5 31. Bxg7 Kxg7 32. Rf5 Rd8 33. e4 Ne7 34. Rxg5+ Kf6 35. Rxc5 Rxd1+ 36. Kf2 Ng6 37. Ra5 Kg7 38. Kf3 Rf1+ 39. Kg3 Rf4 40. Ra4 Kh6 41. Ra7 f6 42. Ra6 Kg5 43. h4+ Rxh4 44. e5 Nxe5 45. Ra8 Rb4 46. Ra3 f5 47. Rc3 Re4 48. Kf2 Kf4 49. Rc2 Ng4+ 0-1

[Event "Southwest Class-ch 7th"]
[Site "Dallas"]
[Date "2016.02.14"]
[Round "7"]
[White "Potula, Kapish"]
[Black "Dejmek, Mark W"]
[Result "0-1"]
[WhiteElo "2042"]
[BlackElo "1978"]
[PlyCount "74"]
[EventDate "2016.02.11"]
[EventType "swiss"]
[EventRounds "9"]
[EventCountry "USA"]
[SourceTitle "EXT 2018"]
[Source "ChessBase"]
[SourceDate "2017.10.13"]
[SourceVersion "1"]
[SourceVersionDate "2017.10.13"]
[SourceQuality "1"]

1. d4 Nf6 2. c4 c5 3. d5 e6 4. Nc3 exd5 5. cxd5 d6 6. e4 g6 7. Bd3 Bg7 8. f4 0-0 9. Nf3 b5 10. 0-0 c4 11. Bc2 Bg4 12. h3 Bxf3 13. Qxf3 Nfd7 14. Be3 Na6 15. Nxb5 Qb8 16. a4 Nac5 17. Qf2 a6 18. Nd4 Qxb2 19. Rab1 Qc3 20. Rfc1 Nd3 21. Ne2 Qa5 22. Bxd3 cxd3 23. Nd4 Nf6 24. Nc6 Qxa4 25. Rb4 Qa3 26. Rcb1 a5 27. Bc1 axb4 28. Bxa3 bxa3 29. Ne7+ Kh8 30. e5 dxe5 31. fxe5 Ne4 32. Qe3 a2 33. Ra1 Bxe5 34. Rxa2 Rxa2 35. Qxe4 Bg3 36. Qd4+ f6 37. Kf1 Re2 0-1

[Event "Southwest Class-ch 7th"]
[Site "Dallas"]
[Date "2016.02.12"]
[Round "2"]
[White "Furfine, Jacob"]
[Black "Potula, Kapish"]
[Result "1-0"]
[WhiteElo "2181"]
[BlackElo "2042"]
[PlyCount "64"]
[EventDate "2016.02.11"]
[EventType "swiss"]
[EventRounds "9"]
[EventCountry "USA"]
[SourceTitle "EXT 2018"]
[Source "ChessBase"]
[SourceDate "2017.10.13"]
[SourceVersion "1"]
[SourceVersionDate "2017.10.13"]
[SourceQuality "1"]

1. d4 e6 2. c4 Nf6 3. g3 Be7 4. Bg2 d5 5. Nf3 0-0 6. 0-0 Nbd7 7. Nbd2 c5 8. cxd5 Nxd5 9. Nb3 c4 10. Nbd2 Qc7 11. e4 Nb4 12. Qe2 b5 13. a4 bxa4 14. Rxa4 Nb6 15. Ra3 Rd8 16. Nb1 Nc6 17. Rc3 Bb4 18. Rc2 Nxd4 19. Nxd4 Rxd4 20. Be3 Rd8 21. Nc3 Qe7 22. h4 Bb7 23. Nb5 Qd7 24. Nd4 Bc5 25. Rd2 Qe7 26. Rfd1 Rac8 27. Qg4 Bxd4 28. Bxd4 e5 29. Bxe5 f6 30. Bc3 Rxd2 31. Rxd2 Na4 32. Rd7 Qc5 1-0

[Event "Washington op"]
[Site "Washington DC "]
[Date "2015.10.10"]
[Round "6"]
[White "Potula, Kapish"]
[Black "Taborsky, Rostislav"]
[Result "1/2-1/2"]
[WhiteElo "1902"]
[BlackElo "2220"]
[PlyCount "85"]
[EventDate "2015.10.07"]
[EventType "swiss"]
[EventRounds "9"]
[EventCountry "USA"]
[SourceTitle "CBM 168 Extra"]
[Source "ChessBase"]
[SourceDate "2015.10.29"]
[SourceVersion "1"]
[SourceVersionDate "2015.10.29"]
[SourceQuality "1"]

1. d4 Nf6 2. c4 e6 3. Nc3 Bb4 4. a3 Bxc3+ 5. bxc3 b6 6. e3 Bb7 7. f3 Nc6 8. Bd3 Ba6 9. e4 Na5 10. Nh3 Bxc4 11. Bxc4 Nxc4 12. Qd3 d5 13. Bg5 h6 14. Bh4 g5 15. Bg3 Qd7 16. 0-0 0-0-0 17. e5 Ng8 18. f4 g4 19. Nf2 h5 20. Bh4 Re8 21. Ne4 Qa4 22. Nf6 Nxf6 23. Bxf6 Rhg8 24. Rfb1 a5 25. Ra2 Kb7 26. Qh7 Ne3 27. Qxf7 Nd1 28. Rc1 Rgf8 29. Qxh5 Nxc3 30. Rac2 Qxd4+ 31. Kh1 Ne4 32. Rxc7+ Ka6 33. Bh4 Rc8 34. Qh7 Rxc7 35. Qxc7 Nc5 36. Be7 Qxf4 37. Rg1 Rf7 38. Qc8+ Kb5 39. Bxc5 bxc5 40. Qb8+ Kc4 41. Qb1 d4 42. Qa2+ Kd3 43. Qb1+ 1/2-1/2

[Event "Atlanta Southeast op"]
[Site "Atlanta"]
[Date "2014.12.07"]
[Round "4"]
[White "Pascua, Rachel"]
[Black "Potula, Kapish"]
[Result "1/2-1/2"]
[WhiteElo "2025"]
[BlackElo "1877"]
[PlyCount "93"]
[EventDate "2014.12.05"]
[EventType "swiss"]
[EventRounds "5"]
[EventCountry "USA"]
[SourceTitle "CBM 163 Extra"]
[Source "ChessBase"]
[SourceDate "2014.12.23"]
[SourceVersion "1"]
[SourceVersionDate "2014.12.23"]
[SourceQuality "1"]

1. e4 e6 2. d4 d5 3. e5 c5 4. c3 Nc6 5. Nf3 Qb6 6. Be2 cxd4 7. cxd4 Nge7 8. Nc3 Nf5 9. Na4 Qa5+ 10. Bd2 Bb4 11. Bc3 Bxc3+ 12. bxc3 Bd7 13. Rb1 Rb8 14. Rb5 Qc7 15. Nc5 a6 16. Nxd7 Qxd7 17. Rb1 0-0 18. 0-0 Rfc8 19. Qd3 Qe7 20. g3 Na5 21. Rb4 Nc6 22. Rbb1 Na5 23. Rb4 Nc6 24. Rbb1 Na5 25. Rfc1 Nc4 26. Nd2 Nxd2 27. Qxd2 g6 28. Bd3 Ng7 29. Rb3 b5 30. Rcb1 Qc7 31. Qb2 Rb6 32. a4 Rc6 33. axb5 axb5 34. Bxb5 Rxc3 35. Ba6 Rxb3 36. Qxb3 Ra8 37. Bd3 Nf5 38. Bxf5 gxf5 39. Qe3 Qe7 40. Kg2 Kg7 41. h3 Ra3 42. Qd2 h6 43. Rc1 Ra4 44. Rc3 Qa7 45. Rd3 Ra3 46. h4 Rxd3 47. Qxd3 1/2-1/2